| 000 | 00544nam a2200193Ia 4500 | ||
|---|---|---|---|
| 003 | SISC | ||
| 005 | 20181121065932.0 | ||
| 008 | 181119s9999 xx 000 0 und d | ||
| 020 | _a9781929626212 | ||
| 050 |
_aHQ 767.5U5 _b.H745 2006 |
||
| 100 | _aHollowell, Kelly | ||
| 245 |
_aStruggling for life/ _cKelly Hollowell |
||
| 260 |
_aUSA : _bCoral Ridge Ministries Media, Inc. _c2006 |
||
| 300 |
_a111 pages : _c21 cm. |
||
| 650 | _aAbortion -- social aspects | ||
| 650 | _aWomen -- social conditions | ||
| 942 |
_2lcc _cBK |
||
| 999 |
_c359437 _d359437 |
||